| Tag |
First Indicator |
Second Indicator |
Subfields |
| LEADER |
00000nam a2200000 4500 |
| 001 |
in00004195521 |
| 005 |
20200806083104.0 |
| 006 |
m g d |
| 007 |
cr bn |||a|bb| |
| 008 |
841025s1679 enk o 00 eng d |
| 035 |
|
|
|a (OCoLC)11309069
|
| 035 |
|
|
|a (UnM)99889663
|
| 037 |
|
|
|a CL2105000001
|b ProQuest Information and Learning. 300 N. Zeeb Rd., Ann Arbor, MI 48106
|
| 040 |
|
|
|a Cu-RivES
|c Cu-RivES
|d CStRLIN
|d Cu-RivES
|e dcrb
|
| 100 |
1 |
|
|a Gibbon, John,
|d 1629-1718.
|
| 245 |
1 |
0 |
|a Day-fatality: or, Some observation of days lucky and unlucky, :
|b concluding with some remarques upon the fourteenth of October, the auspicious birth-day of His Royal Highness, James Duke of York.
|
| 246 |
3 |
0 |
|a Some observation of days lucky and unlucky
|
| 260 |
|
|
|a [London :
|b publisher not identified,
|c 1679]
|
| 300 |
|
|
|a 1 online resource (8 pages)
|
| 336 |
|
|
|a text
|b txt
|2 rdacontent
|
| 337 |
|
|
|a computer
|b c
|2 rdamedia
|
| 338 |
|
|
|a online resource
|b cr
|2 rdacarrier
|
| 500 |
|
|
|a Caption title.
|
| 500 |
|
|
|a Imprint suggested by Wing.
|
| 500 |
|
|
|a Signed: J. Gibbon.
|
| 500 |
|
|
|a Reproduction of original in the British Library.
|
| 510 |
4 |
|
|a Wing (CD-ROM, 1996)
|c G647
|
| 510 |
4 |
|
|a Early English books tract supplement interim guide
|c T.100*[108]
|
| 533 |
|
|
|a Electronic reproduction.
|b Ann Arbor, Mich. :
|c UMI,
|d 1999-
|f (Early English books online)
|n Digital version of: (Early English books; Tract supplement ; C3:2[107])
|7 s1999 miun s
|
| 600 |
0 |
0 |
|a James
|b II,
|c King of England,
|d 1633-1701
|v Early works to 1800.
|
| 650 |
|
0 |
|a Chronology, Historical
|v Early works to 1800.
|
| 830 |
|
0 |
|a Early English books online.
|
| 856 |
4 |
0 |
|u http://proxy.library.tamu.edu/login?url=https://search.proquest.com/docview/2248547687
|z Connect to the full text of this electronic book
|t 0
|
| 999 |
f |
f |
|s 16bdb6e0-9d19-3e8d-a9d7-75f7752e4ad3
|i 3534031e-f7d7-32ba-9f98-29bc4505c2b1
|t 0
|
| 952 |
f |
f |
|a Texas A&M University
|b College Station
|c Electronic Resources
|d Available Online
|t 0
|h No information provided
|
| 998 |
f |
f |
|t 0
|l Available Online
|